000 00908nam a2200253 a 4500
001 BRCA_7488
005 20190320205845.0
008 260413s1951----sp-a######---#000-0#spa-#
041 _aspa
044 _asp
050 4 _aDP171
_b.I38 1951
100 1 _aIgual Úbeda, Antonio
_918439
245 1 0 _aEl siglo de oro
_cAntonio Igual Úbeda ; ilustraciones seleccionadas y clasificadas por Juan Subias Galter.
260 _aBarcelona
_bSeix Barral
_c1951
300 _a652 p.
_bil. (algunas a color), 434 láminas
_c28 cm.
500 _aIncluye índice descriptivo de ilustraciones, índice de láminas e índice de materias
500 _aEstado físico: camisa rota, tapas y lomo desprendidos
500 _aR18
651 4 _aEspaña
_xCivilización
_917237
651 4 _aEspaña
_xHistoria
_yCasa Austria, 1516-1700
_918440
700 1 _aSubias Galter, Juan
_eil.
_918441
902 _aGFM
942 _2lcc
_cB
999 _c7163
_d7163